Inorganic Pharmaceutical Chemistry. (Record no. 4182)

MARC details
000 -LEADER
fixed length control field 00500nam a22001817a 4500
003 - CONTROL NUMBER IDENTIFIER
control field OSt
005 - DATE AND TIME OF LATEST TRANSACTION
control field 20181001135713.0
008 - FIXED-LENGTH DATA ELEMENTS--GENERAL INFORMATION
fixed length control field 160526b xxu||||| |||| 00| 0 eng d
020 ## - INTERNATIONAL STANDARD BOOK NUMBER
International Standard Book Number 8185790167
040 ## - CATALOGING SOURCE
Transcribing agency DLMN.
082 ## - DEWEY DECIMAL CLASSIFICATION NUMBER
Classification number QV610K155p 2009.
100 ## - MAIN ENTRY--PERSONAL NAME
Personal name Kasture.A.V; Wadodkar,S.G;
9 (RLIN) 9015
245 ## - TITLE STATEMENT
Title Inorganic Pharmaceutical Chemistry.
260 ## - PUBLICATION, DISTRIBUTION, ETC. (IMPRINT)
Place of publication, distribution, etc. Maharashtra;
Name of publisher, distributor, etc. Nirali Prakashan,
Date of publication, distribution, etc. 2009.
300 ## - PHYSICAL DESCRIPTION
Extent 191p;
Other physical details ill;
Dimensions 26cm.
650 ## - SUBJECT ADDED ENTRY--TOPICAL TERM
Topical term or geographic name as entry element Pharmarceutical chemistry
9 (RLIN) 8996
942 ## - ADDED ENTRY ELEMENTS (KOHA)
Source of classification or shelving scheme Other/Generic Classification Scheme
Koha item type Open Shelf
Holdings
Withdrawn status Lost status Source of classification or shelving scheme Damaged status Not for loan Home library Current library Date acquired Source of acquisition Inventory number Total Checkouts Full call number Barcode Date last seen Date last checked out Koha item type
    Other/Generic Classification Scheme     MUST Main Library MUST Main Library 26/05/2016   14/38307 1 QV610K155p 2009. 2016-2169 09/11/2016 29/10/2016 Open Shelf
    Other/Generic Classification Scheme     MUST Main Library MUST Main Library 10/06/2016   14/38306   QV610K155p 2009. 2016-2424 10/06/2016   Open Shelf